ბათუმის შოთა რუსთაველის სახელმწიფო უნივერსიტეტის ბიბლიოთეკა

რელიგიის თავისუფლება : (ბიბ.ჩანაწერი № 54453)

000 -ლიდერი
ფიქსირებული სიგრძის საკონტროლო ველი 02882nam a2200373Ia 4500
001 - საკონტროლო ნომერი
საკონტროლო ველი 21515
003 - საკონტროლო ნომრის იდენტიფიკატორი
საკონტროლო ველი GE_BSU
005 - ბოლო ოპერაციის თარიღი და დრო
საკონტროლო ველი 20211125174815.0
008 - ფიქსირებული სიგრძის მონაცემთა ელემენტები - ზოგადი ინფორმაცია
ფიქსირებული სიგრძის საკონტროლო ველი 181216s2016||||ge |||||||||||||| ||geo||
020 ## - წიგნის საერთაშორისო სტანდარტული ნომერი
International Standard Book Number 9789941093715
040 ## - კატალოგიზაციის წყარო
Transcribing agency GE_BSU
041 ## - ენის კოდი
Language code of text/sound track or separate title geo
080 ## - უნივერსალური ათობითი კლასიფიკაციის ინდექსი
Universal Decimal Classification number 342.731(479.22)+348(479.22)+322.22(479.22) რ-40
245 ## - ცნობა სათაურის შესახებ
Title რელიგიის თავისუფლება :
Remainder of title სახელმწიფოს დისკრიმინაციული და არასეკულარული პოლიტიკის კრიტიკა /
Statement of responsibility, etc კვლევის ავტორები : თამთა მიქელაძე, მარიამ ბეგაძე, ეთო გვრიტიშვილი, ქეთი ჩუთლაშვილი ; ქართული ტექსტის რედაქტორი ნინო კალატოზიშვილი ; ინგლ. ტექსტის რედაქტორი ისა ჩენ, მარიამ ბეგაძე ; მთარგმნელი : ნათია გელაშვილი, ლიკა ჯამბურია.
264 ## - წარმოების, გამოცემის, დისტრიბუციის და სხვა ცნობები
გამოცემის, წარმოების, დისტრიბუციის... ადგილი თბილისი :
გამოცემის, წარმოების, დისტრიბუციის... სახელწოდება [?],
გამოცემის, წარმოების, დისტრიბუციის... თარიღი 2016.
300 ## - ფიზიკური აღწერა
Extent 168, 134 გვ. ;
Dimensions 26 სმ.
500 ## - ზოგადი შენიშვნა
General note წაღმა-უკუღმა წიგნი
504 ## - BIBLIOGRAPHY, ETC. NOTE
Bibliography, etc ბიბლიოგრაფია ტექსტის შენიშვნებში
520 ## - SUMMARY, ETC.
Summary, etc ტექსტი აგრეთვე ინგლისურ ენაზე
653 ## - INDEX TERM--UNCONTROLLED
Uncontrolled term რელიგიის თავისუფლება
653 ## - INDEX TERM--UNCONTROLLED
Uncontrolled term სახელმწიფო და ეკლესია
653 ## - INDEX TERM--UNCONTROLLED
Uncontrolled term სახელმწიფოს დისკრიმინაციული და არასეკულარული პოლიტიკის კრიტიკა
700 ## - ADDED ENTRY--PERSONAL NAME
Personal name მიქელაძე, თამთა
Relator term ავტორი
9 (RLIN) 13069
700 ## - ADDED ENTRY--PERSONAL NAME
Personal name ბეგაძე, მარიამ
Relator term ავტორი
9 (RLIN) 13070
700 ## - ADDED ENTRY--PERSONAL NAME
Personal name გვრიტიშვილი, ეთო
Relator term ავტორი
9 (RLIN) 13071
700 ## - ADDED ENTRY--PERSONAL NAME
Personal name ჩუთლაშვილი, ქეთი
Relator term ავტორი
9 (RLIN) 13072
700 ## - ADDED ENTRY--PERSONAL NAME
Personal name კალატოზიშვილი, ნინო
Relator term ქართული ტექსტის რედაქტორი
9 (RLIN) 13059
700 ## - ADDED ENTRY--PERSONAL NAME
Personal name ჩენ, ისა
Relator term ინგლისური ტექსტის რედაქტორი
9 (RLIN) 13073
700 ## - ADDED ENTRY--PERSONAL NAME
Personal name ბეგაძე, მარიამ
Relator term ინგლისური ტექსტის რედაქტორი
9 (RLIN) 13074
700 ## - ADDED ENTRY--PERSONAL NAME
Personal name გელაშვილი, ნათია
Relator term მთარგმნელი
9 (RLIN) 13060
700 ## - ADDED ENTRY--PERSONAL NAME
Personal name ჯამბურია, ლიკა
Relator term მთარგმნელი
9 (RLIN) 13075
942 ## - ADDED ENTRY ELEMENTS (KOHA)
Koha item type წიგნი
Source of classification or shelving scheme
ეგზემპლარები
ჩამოწერის სტატუსი დაკარგული ეგზემპლარის სტატუსი კლასიფიკაციის წყარო ან თაროზე გაწყობის სქემა დაზიანების სტატუსი არ გაიცემა მუდმივი მდებარეობა (დაცვის ადგილი) ამჟამინდელი ადგილსამყოფელი თაროზე განთავსების ადგილი შეძენის თარიღი ღირებულება, შესყიდვის ნორმალური ფასი სრული შენახვის შიფრი შტრიხკოდი ბოლო ოპერაციის თარიღი ეგზემპლარის მიმდევრობითი ნომერი (კეტერი?) ფასის ძალაში შესვლის თარიღი ეგზემპლარის სახეობა საჯარო შენიშვნა
          ბათუმის შოთა რუსთაველის სახელმწიფო უნივერსიტეტის მთავარი ბიბლიოთეკა ბათუმის შოთა რუსთაველის სახელმწიფო უნივერსიტეტის მთავარი ბიბლიოთეკა წიგნსაცავი 2018-12-17 12.00 342.731(479.22)+348(479.22)+322.22(479.22) რ-40 55483 2018-12-17 55483 2018-12-17 წიგნი 12.00 ₾.